[Event "IECG QE.2001.0.00010"]
[Site "IECG email"]
[Date "2001.12.03"]
[Round "?"]
[White "Johnson, Michael"]
[Black "Weldon, Steve"]
[Result "1/2-1/2"]
[WhiteElo "1350"]
[BlackElo "1200"]
[PlyCount "51"]
[EventDate "2001.12.03"]
[EventType "tourn (corr)"]
[EventRounds "6"]
[SourceTitle "Corr 2008"]
[Source "ChessBase"]
[SourceDate "2008.06.24"]
[SourceVersion "1"]
[SourceVersionDate "2008.06.24"]
[SourceQuality "1"]

1. d4 Nf6 2. Bg5 Ne4 3. Nf3 Nxg5 4. Nxg5 e5 5. Nf3 e4 6. Nfd2 d5 7. e3 Be6 8. c4 c6 9. Nc3 Be7 10. Qb3 b6 11. cxd5 cxd5 12. Bb5+ Kf8 13. 0-0 g6 14. Rac1 Kg7 15. f3 a6 16. Be2 f5 17. f4 b5 18. Rc2 Qd7 19. Rfc1 Nc6 20. a3 Rac8 21. Qa2 g5 22. g3 gxf4 23. gxf4 Rhg8 24. Kh1 Kh8 25. Nb3 Bf7 26. Bf1 1/2-1/2

[Event "IECG QE.2001.0.00010"]
[Site "IECG email"]
[Date "2001.12.03"]
[Round "?"]
[White "Weldon, Steve"]
[Black "Rouse, Philip"]
[Result "1/2-1/2"]
[WhiteElo "1200"]
[BlackElo "1374"]
[PlyCount "109"]
[EventDate "2001.12.03"]
[EventType "tourn (corr)"]
[EventRounds "6"]
[SourceTitle "Corr 2008"]
[Source "ChessBase"]
[SourceDate "2008.06.24"]
[SourceVersion "1"]
[SourceVersionDate "2008.06.24"]
[SourceQuality "1"]

1. d4 d5 2. c4 c6 3. Nf3 Nf6 4. Nc3 e6 5. e3 Nbd7 6. Bd3 dxc4 7. Bxc4 b5 8. Bd3 Bb7 9. 0-0 a6 10. e4 c5 11. d5 c4 12. Bc2 Qc7 13. Nd4 Nc5 14. Qf3 Bd6 15. Qh3 b4 16. Na4 exd5 17. exd5 Bxd5 18. Re1+ Ne6 19. Nxe6 Bxe6 20. Bf5 0-0 21. Bxe6 fxe6 22. Rxe6 Bxh2+ 23. Qxh2 Qd7 24. Qd6 Qxa4 25. Bg5 Rad8 26. Qg3 Rd1+ 27. Re1 Ne4 28. Qh4 Rxa1 29. Rxa1 Qc2 30. Rc1 Qd3 31. Be3 c3 32. bxc3 Nxc3 33. Re1 Nxa2 34. Bc5 Rd8 35. Bxb4 Nxb4 36. Qxb4 h6 37. Qb6 Kh7 38. Qb1 Qxb1 39. Rxb1 a5 40. Ra1 Rd5 41. Kf1 h5 42. Ke2 g5 43. Ra4 Kg6 44. Ra3 g4 45. Ra4 Re5+ 46. Kd3 Kf5 47. Rd4 h4 48. f3 gxf3 49. gxf3 h3 50. Rh4 Re8 51. Rxh3 Kf4 52. Rh5 Ra8 53. Rh4+ Kxf3 54. Ra4 Kf2 55. Kc4 1/2-1/2

[Event "IECG QE.2001.0.00010"]
[Site "IECG email"]
[Date "2001.12.03"]
[Round "?"]
[White "Weldon, Steve"]
[Black "Trevis, Robert R"]
[Result "1/2-1/2"]
[WhiteElo "1200"]
[BlackElo "1248"]
[PlyCount "78"]
[EventDate "2001.12.03"]
[EventType "tourn (corr)"]
[EventRounds "6"]
[SourceTitle "Corr 2008"]
[Source "ChessBase"]
[SourceDate "2008.06.24"]
[SourceVersion "1"]
[SourceVersionDate "2008.06.24"]
[SourceQuality "1"]

1. e4 d6 2. d4 Nf6 3. Nc3 g6 4. f4 Bg7 5. Nf3 0-0 6. Bd3 Nc6 7. 0-0 e5 8. fxe5 dxe5 9. d5 Nd4 10. Nxe5 Nxd5 11. Nxd5 Bxe5 12. Bf4 Nc6 13. Qd2 Qd6 14. Bxe5 Nxe5 15. Nf6+ Kg7 16. Qc3 Be6 17. Rad1 Rad8 18. Be2 Qb6+ 19. Kh1 Rxd1 20. Bxd1 Qa6 21. Kg1 Qd6 22. Be2 Rd8 23. b3 a6 24. Kh1 c6 25. h3 h6 26. Qa1 Qc7 27. h4 b5 28. h5 c5 29. c4 bxc4 30. bxc4 g5 31. Nd5 Qd6 32. Qc3 Rf8 33. g4 f6 34. Ne3 Qd4 35. Nd5 Qxe4+ 36. Bf3 Nxf3 37. Qxf3 Qxg4 38. Ne3 Qxf3+ 39. Rxf3 f5 1/2-1/2